000 00849nam 22002173 4500
001 200904
090 _a200904
100 _a20260302d u||y0pory50 ba
200 _aRimas
_e(antologia bilíngüe)
_fGustavo A. Bécquer
_gtradução Hilda Reis Capucci
210 _a[S.l.]
_cDepartamento Cultural da Embaixada da Espanha
_d1970
215 _a132 p.
_cbrochado
_d23 cm
305 _aedição Bilingue em Português e Espanhol
317 _a. - Oferta com dedicatória do escritor ao Prof. Dr. Almeida Faria
606 _93684
_aLiteratura Espanhola -- Poesia
675 _a821.134.2-1Bécquer, Gustavo Adolfo
_vES
_zspa
675 _a821.134.2-94Bécquer, Gustavo Adolfo
_vES
_zspa
700 _916589
_aBécquer
_bGustavo Adolfo
_f1836-1870
702 _916591
_aCapucci
_bHilda Reis
801 _aPT
_bBMMN
_gRPC
830 _cAna Falardo
_fAna Falardo
990 _cLIVROS